000 01697nam a2200265 a 4500
001 000000783
005 20200929145415.0
008 090509s2007 dr ab 000 0 spa d
020 _a9789945161427
040 _aDO-SdBNP
_bspa
_cBNPHU
082 _a333.913
_bS715s
100 1 _aSosa Valerio, Ariosto Antonio
_92705
245 1 0 _aSistemas de riego a presión /
_cAriosto Antonio Sosa Valerio.
260 _aSanto Domingo :
_bCONIAF,
_c2007.
300 _a139 p. :
_bil., tab. ;
_c22 cm.
500 _aIncluye datos biográficos del autor en la contracubierta
504 _aBibliografía : p. 138-139
505 0 _tAgradecimientos --
_tDedicatoria --
_tPrólogo --
_tIntroducción --
_tObjetivos: generales y específicos --
_g1.
_tEvapotranspiración o uso consuntivo --
_tAutoevaluación --
_g2.
_tBalance hídrico y necesidad de riego --
_tAutoevalución --
_g3.
_tAlmacenaje de agua en los suelos --
_tAutoevalución --
_g4.
_tSistema de agua a presión -- Autoevalución --
_g5.
_tRiego por aspersión --
_tAutoevalución --
_g6.
_tRiego por microaspersión --
_tAutoevalución --
_g7.
_tRiego por goteo --
_tAutoevalución --
_g8.
_tComponentes del reigo por goteo --
_tA.
_tEl cabezal o centro de mando --
_gB.
_tLíneas de conducción y distribución --
_tAutoevalución --
_g9.
_tFiltración --
_tAutoevalución --
_g10.
_tFertirriego --
_tAutoevalución --
_tBibliografía.
590 _aInventariado, 2018/LP
650 4 _aRiego por aspersión
_92706
650 4 _aRiego por aspersión
_xEvaluación
_92707
650 4 _aRiego
_92708
710 2 _aConsejo Nacional de Investigaciones Agropecuarias y Forestales. Instituto Politécnico Loyola (República Dominicana)
_92709
910 _aValidado. Control de calidad BNPHU
999 _c779
_d779